• Arnáez, Esmeralda

di Personal Name

Records bibliografici associati: 1

001 - CONTROL NUMBER

  • control field: 45452

003 - CONTROL NUMBER IDENTIFIER

  • control field: IT-RoINE

005 - DATE AND TIME OF LATEST TRANSACTION

  • control field: 20180301120626.0

008 - FIXED-LENGTH DATA ELEMENTS

  • fixed length control field: 180301|| aca||aabn | a|a d

040 ## - CATALOGING SOURCE

  • Original cataloging agency: IT-RoINE
  • Transcribing agency: IT-RoINE

100 ## - HEADING--PERSONAL NAME

  • Personal name: Arnáez, Esmeralda

670 ## - SOURCE DATA FOUND

  • Source citation: Work cat.: (IT-RoINE)0: Arnáez, Esmeralda, Orfebrería religiosa en la provincia de Segovia hasta 1700 /, 1983.